Big bad beast #6 / Shelly Laurenston.
Available copies
- 1 of 1 copy available at LARL/NWRL Consortium.
- 1 of 1 copy available at Northwest Regional Library. (Show preferred library)
Current holds
0 current holds with 1 total copy.
Show Only Available Copies
| Location | Call Number / Copy Notes | Barcode | Shelving Location | Status | Due Date |
|---|---|---|---|---|---|
| Roseau Public Library | LAU (Text) | 35500005729544 | Main | Available | - |
Record details
- ISBN: 9780758231703
- ISBN: 0758231709
- Physical Description: 329 p. ; 21 cm.
- Publisher: New York : Brava/Kensington Publishing, 2011.
Content descriptions
| General Note: | Includes excerpts: Demon hunting in Dixie by Lexi George (p. 309-315); Touch of a thief by Mia ... Read More |
| Summary, etc.: | When one of her own kind starts kidnapping hybrids ... Read More |
Search for related items by subject
| Subject: | Shapeshifting > Fiction. Man-woman relationships > Fiction. |
| Genre: | Romance fiction. Paranormal romance stories. |
Search for related items by series
| LDR | 01100cam a2200277Ka 4500 | ||
|---|---|---|---|
| 001 | 198238 | ||
| 003 | LARL_NWRL_CONSORTIUM | ||
| 005 | 20160112202351.0 | ||
| 008 | 110414s2011 nyu 000 1 eng d | ||
| 020 | . | ‡a9780758231703 | |
| 020 | . | ‡a0758231709 | |
| 035 | . | ‡a(OCoLC)712649227 | |
| 082 | 0 | 4. | ‡a813.6 ‡222 |
| 100 | 1 | . | ‡aLaurenston, Shelly. ‡0(LARL_NWRL_CONSORTIUM)213979 |
| 245 | 1 | 0. | ‡aBig bad beast ‡n#6 / ‡cShelly Laurenston. |
| 260 | . | ‡aNew York : ‡bBrava/Kensington Publishing, ‡c2011. | |
| 300 | . | ‡a329 p. ; ‡c21 cm. | |
| 490 | 0 | . | ‡aPride ; ‡v6 |
| 500 | . | ‡aIncludes excerpts: Demon hunting in Dixie by Lexi George (p. 309-315); Touch of a thief by Mia Marlowe (p. 317-322); Never cry wolf by Cynthia Eden (p. 323-329). | |
| 520 | . | ‡aWhen one of her own kind starts kidnapping hybrids for dogfights, Dee-Ann Smith, a she-wolf and deadly member of a shifter protection group, teams up with her boss to stop the traitor in his tracks. | |
| 650 | 0. | ‡aShapeshifting ‡vFiction. | |
| 650 | 0. | ‡aMan-woman relationships ‡vFiction. ‡0(LARL_NWRL_CONSORTIUM)165985 | |
| 655 | 7. | ‡aRomance fiction. ‡2gsafd. | |
| 655 | 0. | ‡aParanormal romance stories. | |
| 901 | . | ‡a198238 ‡b ‡c198238 ‡tbiblio | |

Add to basket
Permalink
Disable Highlighting